000 00597nam a2200241Ia 4500
003 OSt
005 20220924143601.0
006 a|||||r|||| 00| 0
007 ta
008 220923b |||||||| |||| 00| 0 urd d
020 _c200
024 _a309085
037 _cTextual
040 _aARTS
_cARTS
_burd
041 _2urd
_aurd
082 _aO153,3NAJ6x, 168P3
100 _aKaur Ajeet
_9216376
245 0 _aQasaai Baaraa
260 _c2003
650 _aPUNJABI LITERATURE
942 _hO153,3NAJ6x, 168P3
_cTEXL
_2CC
999 _c455088
_d455088